| 000 | 00000nas##2200000za#4500 |
| 001 | 9.506821 |
| 003 | CaOODSP |
| 005 | 20210908130039 |
| 007 | cr ||||||||||| |
| 008 | 150406c1998||||xxc|| p o||||f| |0eng|d |
| 022 | |a1701-9109 |
| 040 | |aCaOODSP|beng |
| 043 | |an-cn--- |
| 086 | 1 |aJS61-9E-PDF |
| 110 | 2 |aRoyal Canadian Mounted Police. |
| 245 | 10|aCanada's missing children, ... annual report / |h[electronic resource]|c[Issued by the] Missing Children's Registry. |
| 246 | 3 |aAnnual report on Canada's missing children |
| 260 | |aOttawa - Ontario : |bRoyal Canadian Mounted Police |
| 310 | |aAnnual |
| 362 | 1 |a2000--2002 |
| 775 | 08|tLes enfants disparus au Canada, ... rapport annuel / |w(CaOODSP)9.503217 |
| 785 | 00|tNational Missing Children Services, reference report / |w(CaOODSP)9.505902 |